书目信息 |
| 题名: |
建筑史
|
|
| 作者: | 张复合 主编 | |
| 分册: | 2003年第1辑 | |
| 出版信息: | 北京 机械工业出版社 2003.05 |
|
| 页数: | 267页 | |
| 开本: | 26cm | |
| 丛书名: | ||
| 单 册: | ||
| 中图分类: | TU-09 | |
| 科图分类: | ||
| 主题词: | 建筑史--Jian Zhu Shi--文集 | |
| 电子资源: | ||
| ISBN: | 7-111-12433-2 | |
| 000 | 01064nam0 2200325 450 | |
| 001 | CAL 012003150669 | |
| 005 | 20050613092508.74 | |
| 010 | @a7-111-12433-2@dCNY 28.00 | |
| 099 | @aCAL 012003150669 | |
| 100 | @a2003072522003 m y0chiy0121 ea | |
| 101 | 0 | @achi |
| 102 | @aCN@b110000 | |
| 105 | @aa a 000yy | |
| 200 | 1 | @a建筑史@AJian Zhu Shi@h2003年第1辑@d= History of architecture@f张复合主编@Fzhang fu he zhu bian@zeng |
| 210 | @a北京@c机械工业出版社@d2003.05 | |
| 215 | @a267页@c图@d26cm | |
| 312 | @a其他题名取自版权页 | |
| 320 | @a有书目 | |
| 330 | @a本书为第18辑,收入论文20篇,内容涉及古代建筑及文献研究、近代城市建设发展及建筑演变、现代建筑史实、建筑理论探讨等诸多方面。 | |
| 510 | 1 | @aHistory of architecture@zeng |
| 517 | 1 | @a建筑史论文集@AJian Zhu Shi Lun Wen Ji |
| 606 | 0 | @a建筑史@AJian Zhu Shi@j文集 |
| 690 | @aTU-09@v4 | |
| 700 | 0 | @4主编 |
| 701 | 0 | @a张复合@Azhang fu he@4主编 |
| 801 | 0 | @aCN@bXAXH@c20050613 |
| 801 | 2 | @aCN@bNPU@c20031007 |
| 905 | @a10447@dTU-09@eZ100 | |
| 906 | @dCNY28.00@n0@r1 | |
| 998 | @aNPU | |
| 建筑史.2003年第1辑= History of architecture/张复合主编.-北京:机械工业出版社,2003.05 |
| 267页:图;26cm |
| ISBN 7-111-12433-2:CNY 28.00 |
| 本书为第18辑,收入论文20篇,内容涉及古代建筑及文献研究、近代城市建设发展及建筑演变、现代建筑史实、建筑理论探讨等诸多方面。 |
| ● |
| 相关链接 |
|
|
|
正题名:建筑史
索取号:TU-09/Z100
 
预约/预借
| 序号 | 登录号 | 条形码 | 馆藏地/架位号 | 状态 | 备注 |
| 1 | 532668 | 205326681 | 建筑库101/101建筑库 3排4列3层/ [索取号:TU-09/Z100] | 在馆 | |
| 2 | 532669 | 205326690 | 建筑与城市规划学院资料室/101建筑库 101排3列1层/ [索取号:TU-09/Z100] | 在馆 | |
| 3 | 532670 | 205326707 | 建筑库101/101建筑库 3排4列3层/ [索取号:TU-09/Z100] | 在馆 | |
| 4 | 532671 | 205326716 | 建筑库101/101建筑库 3排4列3层/ [索取号:TU-09/Z100] | 在馆 |